Racconti estremi /

Gardado en:
Detalles Bibliográficos
Outros autores: Tagame, Gengoroh, (1964-) (Illustrator)
Formato: Libro
Idioma:Lingua italiana
Publicado: Bologna : Black velvet, 2009
Tags: Engadir etiqueta
Sen Etiquetas, Sexa o primeiro en etiquetar este rexistro!

MARC

LEADER 00000nam a22000007i 4500
001 IT\ICCU\BCT\0053069
003 ItRI
005 20250724153044.0
008 190604s2009 it |||||| ||||| |||||c
020 |a 9788896197011 
024 3 1 |a 9788896197011 
040 |b ita  |c ct 
041 7 |a ita  |2 ISO-639-2 
100 1 |a Tagame, Gengoroh,  |d  (1964-)  |0 IT\ICCU\UBOV\377318  |4 ill 
245 1 0 |a Racconti estremi /  |c Gengoroh Tagame. 
260 |a Bologna :  |b Black velvet,  |c 2009 
300 |a 208 p. :  |b fumetti ;  |c 21 cm 
500 |a Manga per adulti 
942 |2 ddc  |c BK 
952 |0 0  |1 0  |2 ddc  |4 0  |6 FOR_01GENTARAC11  |7 0  |9 9016  |a MI  |b MI  |d 2010-04-30  |i 5993  |l 0  |o FOR01-GENTA-RAC11  |p CDOM5993  |r 2025-07-17 21:50:42  |w 2025-07-17  |x ACQUISTO  |y BK 
981 1 |6 z01  |a i   |b xxxe  
982 1 |6 z01  |a n 
999 |c 7507  |d 7507